<?xml version="1.0" encoding="UTF-8"?>
<record
    xmlns:xsi="http://www.w3.org/2001/XMLSchema-instance"
    xsi:schemaLocation="http://www.loc.gov/MARC21/slim http://www.loc.gov/standards/marcxml/schema/MARC21slim.xsd"
    xmlns="http://www.loc.gov/MARC21/slim">

  <leader>00881nam a22002177a 4500</leader>
  <controlfield tag="001">83283</controlfield>
  <controlfield tag="003">BD-RjUL</controlfield>
  <controlfield tag="005">20240310124631.0</controlfield>
  <controlfield tag="008">240310s19661975p  ||||| |||| 00| 0 urd d</controlfield>
  <datafield tag="035" ind1=" " ind2=" ">
    <subfield code="a">BD-RjUL)83283</subfield>
  </datafield>
  <datafield tag="040" ind1=" " ind2=" ">
    <subfield code="a">BD-RjUL</subfield>
    <subfield code="b">eng</subfield>
    <subfield code="c">BD-RjUL</subfield>
  </datafield>
  <datafield tag="041" ind1=" " ind2=" ">
    <subfield code="a">urd</subfield>
  </datafield>
  <datafield tag="082" ind1=" " ind2=" ">
    <subfield code="2">23</subfield>
    <subfield code="a">891.4394</subfield>
    <subfield code="b">SHM 1966</subfield>
  </datafield>
  <datafield tag="100" ind1="1" ind2="0">
    <subfield code="a">&#x634;&#x64A;&#x631;&#x627;&#x646;&#x64A;, &#x645;&#x638;&#x647;&#x631; &#x645;&#x62D;&#x645;&#x648;&#x62F; ;; Shirani, Mazhar Mahmoud</subfield>
    <subfield code="9">12171</subfield>
  </datafield>
  <datafield tag="245" ind1="1" ind2="0">
    <subfield code="a">&#x645;&#x642;&#x627;&#x644;&#x627;&#x62A; &#x62D;&#x627;&#x641;&#x638; &#x645;&#x62D;&#x645;&#x648;&#x62F; &#x634;&#x6CC;&#x631;&#x627;&#x646;&#x6CC; ;; maqalat hafiz mahmudshirani /</subfield>
    <subfield code="c">&#x645;&#x638;&#x647;&#x631; &#x645;&#x62D;&#x645;&#x648;&#x62F;&#x634;&#x64A;&#x631;&#x627;&#x646;&#x64A; ;; Mazhar Mahmoud Shirani</subfield>
  </datafield>
  <datafield tag="260" ind1=" " ind2=" ">
    <subfield code="a">Lahore : </subfield>
    <subfield code="b">&#x645;&#x62C;&#x644;&#x633; &#x62A;&#x631;&#x642;&#x6CC; &#x627;&#x62F;&#x628; ,</subfield>
    <subfield code="c">1966-1975</subfield>
  </datafield>
  <datafield tag="300" ind1=" " ind2=" ">
    <subfield code="a">V. ;</subfield>
    <subfield code="c">23 cm</subfield>
  </datafield>
  <datafield tag="505" ind1=" " ind2=" ">
    <subfield code="a">Vol. 1.&#x627;&#x631;&#x62F;&#x648; &#x632;&#x628;&#x627;&#x646; &#x627;&#x648;&#x631; &#x627;&#x633; &#x6A9;&#x6D2; &#x622;&#x63A;&#x627;&#x632; &#x648;&#x627;&#x631;&#x62A;&#x642;&#x627;&#x6D2; &#x645;&#x62A;&#x639;&#x644;&#x642; &#x645;&#x636;&#x627;&#x645;&#x6CC;&#x646;--V. 8.&#x6A9;&#x62A;&#x628; &#x646;&#x635;&#x627;&#x628;&#x60C; &#x639;&#x631;&#x648;&#x636; &#x627;&#x648;&#x631; &#x645;&#x633;&#x6A9;&#x648;&#x6A9;&#x627;&#x62A; &#x633;&#x6D2; &#x645;&#x62A;&#x639;&#x644;&#x642; &#x645;&#x636;&#x627;&#x645;&#x6CC;&#x646;--</subfield>
  </datafield>
  <datafield tag="650" ind1=" " ind2=" ">
    <subfield code="a">Urdu Literature</subfield>
  </datafield>
  <datafield tag="942" ind1=" " ind2=" ">
    <subfield code="2">ddc</subfield>
    <subfield code="c">BK</subfield>
  </datafield>
  <datafield tag="999" ind1=" " ind2=" ">
    <subfield code="c">83283</subfield>
    <subfield code="d">83283</subfield>
  </datafield>
  <datafield tag="952" ind1=" " ind2=" ">
    <subfield code="0">0</subfield>
    <subfield code="1">0</subfield>
    <subfield code="2">ddc</subfield>
    <subfield code="4">0</subfield>
    <subfield code="7">1</subfield>
    <subfield code="8">NFIC</subfield>
    <subfield code="a">RUCL</subfield>
    <subfield code="b">RUCL</subfield>
    <subfield code="c">Reading</subfield>
    <subfield code="d">1969-09-20</subfield>
    <subfield code="e">Pakistan Book Centre</subfield>
    <subfield code="g">12.00</subfield>
    <subfield code="o">U 891.4394 SHM V-1 1966</subfield>
    <subfield code="r">2024-03-10 00:00:00</subfield>
    <subfield code="t">C-1</subfield>
    <subfield code="y">BK</subfield>
  </datafield>
  <datafield tag="952" ind1=" " ind2=" ">
    <subfield code="0">0</subfield>
    <subfield code="1">0</subfield>
    <subfield code="2">ddc</subfield>
    <subfield code="4">0</subfield>
    <subfield code="7">1</subfield>
    <subfield code="8">NFIC</subfield>
    <subfield code="a">RUCL</subfield>
    <subfield code="b">RUCL</subfield>
    <subfield code="c">Reading</subfield>
    <subfield code="d">1992-04-28</subfield>
    <subfield code="e">Abacus books, London</subfield>
    <subfield code="g">8.33</subfield>
    <subfield code="o">U 891.4394 MUM V-8 1975</subfield>
    <subfield code="r">2024-03-10 00:00:00</subfield>
    <subfield code="t">C-1</subfield>
    <subfield code="y">BK</subfield>
  </datafield>
</record>
